00585nam a2200157 a 450000100100000000500170001000800410002704000250006810000270009324501070012026000260022730000420025304900090029595201060030499900170041000003430020200930073628.0111003s20uu es 000 0 spa d aDO-SdBNPbspacBNPHU1 aBenedicto, Jone95973010aRecetas urbanas :bfáciles de leer, apetecibles de cocinar, crean ganas de probar /cJone Benedicto. a[España]:,c[s.f.]. a1v. Con varias paginaciones ;c28 cm. aBNPD 0010507-18MOaGRbGRcOId2011-10-03iLF1l0o p34300-10r2020-06-25w2020-06-25y1ZNo se presta c33791d33791